| 000 | 00000nam##2200000za#4500 |
| 001 | 9.581362 |
| 003 | CaOODSP |
| 005 | 20210624191459 |
| 007 | cr ||||||||||| |
| 008 | 150406|2014||||xxc|||||o f|0| 0 eng|d |
| 022 | |a1919-5044 |
| 040 | |aCaOODSP|beng |
| 043 | |an-cn--- |
| 086 | 1 |aFs70-5/2014-087E-PDF |
| 110 | 1 |aCanada. |bDepartment of Fisheries and Oceans. |
| 245 | 10|aSummary of the 2013 snow crab trawl survey in the southern Gulf of St. Lawrence / |h[electronic resource]|c[by] J.-F. Landry, M. Moriyasu, E. Wade, and M. Hébert. |
| 260 | |aMoncton - New Brunswick : |bFisheries and Oceans Canada |cDecember 2014. |
| 300 | |a47p.|bcoloured figs., references, tables |
| 490 | 1 |aCanadian Science Advisory Secretariat research document|x1919-5044|v2014/087, Gulf Region |
| 546 | |aText in English, abstracts in both languages. |
| 590 | |a15-01|b2015-01-02 |
| 830 | #0|aResearch document (Canadian Science Advisory Secretariat)|x1919-5044|v2014/087, Gulf Region|w(CaOODSP)9.507396 |
| 856 | 40|ahttp://publications.gc.ca|qPDF|s3.90 MB|uhttps://publications.gc.ca/collections/collection_2014/mpo-dfo/Fs70-5-2014-087-eng.pdf|y2014/087, Gulf Region |